Music Quiz

Random Music or Kpop Quiz

EXO MV by pic Quiz Stats

Quiz not verified by Sporcle

Challenge
Share
Tweet
Score 0/16 Timer 07:00
0 Plays Today
% Correct
Growl
98.7%
Wolf
98.5%
Call Me Baby
97.7%
Overdose
97.6%
Monster
96.4%
MAMA
95.6%
Lucky One
95.3%
History
90.7%
% Correct
Love Me Right
88.1%
Miracles in December
86.5%
Lightsaber
85.6%
Sing For You
84.4%
What is Love
76.4%
Dream
66.5%
Monodrama
58.6%
Beautiful
52.5%

You're not logged in!

Compare scores with friends on all Sporcle quizzes.
Sign Up with Email
OR
Log In

You Might Also Like...

Show Comments

Extras

Top Quizzes Today


Score Distribution

Your Account Isn't Verified!

In order to create a playlist on Sporcle, you need to verify the email address you used during registration. Go to your Sporcle Settings to finish the process.

Report this User

Report this user for behavior that violates our Community Guidelines.

Details: